| 000 | 00456nam a22001817a 4500 | ||
|---|---|---|---|
| 003 | CEME | ||
| 005 | 20210628202739.0 | ||
| 008 | 210122b xxu||||| |||| 00| 0 eng d | ||
| 020 | _a0-471-34555-5 | ||
| 040 | _cceme | ||
| 082 | _a620.3 PAL | ||
| 100 |
_aPalm, William J _959602 |
||
| 245 | _aMechanical vibration | ||
| 260 |
_aNEW DELHI _bJOHN WILEY _c2007 |
||
| 300 | _aXII,698 P | ||
| 650 |
_aVIBRATION.DAMPING - MECHANICS _961409 |
||
| 942 |
_cBK _2ddc |
||
| 999 |
_c570871 _d570871 |
||